LEADER 00823nam0-22003011i-450- 001 990008129070403321 005 20050613180728.0 035 $a000812907 035 $aFED01000812907 035 $a(Aleph)000812907FED01 035 $a000812907 100 $a20050613d1968----km-y0itay50------ba 101 0 $aita 102 $aIT 105 $ay-------001yy 200 1 $aPraga 1968$ele idee del nuovo corso$e"Literarni listy", marzo-agosto 1968$fa cura di Jan Cech 210 $aBari$cLaterza$dstampa 1968 215 $aXXXV, 520 p.$d18 cm 225 1 $aTempi nuovi$v16 676 $a943.7$v21$zita 702 1$aCech,$bJan 801 0$aIT$bUNINA$gRICA$2UNIMARC 901 $aBK 912 $a990008129070403321 952 $aXI G AA.VV. 160$bs.i.$fDFD 959 $aDFD 996 $aPraga 1968$9755698 997 $aUNINA LEADER 01450nas 2200529- 450 001 9910492131803321 005 20230322213019.0 011 $a2636-3038 035 $a(OCoLC)1292545907 035 $a(CKB)4100000011993184 035 $a(CONSER)--2022229042 035 $a(DE-599)ZDB3091492-9 035 $a(EXLCZ)994100000011993184 100 $a20210921a20199999 --- - 101 0 $aeng 135 $aur||||||||||| 181 $ctxt$2rdacontent 182 $cc$2rdamedia 183 $acr$2rdacarrier 200 00$aAdvanced dental journal 210 1$aCairo:$cFaculty of Dentistry, Cairo University,$d2019- 215 $a1 online resource 300 $aRefereed/Peer-reviewed 311 08$a2636-302X 517 1 $aADJ 531 1 $aAdv. Dent. J. 606 $aDentistry$vPeriodicals 606 $aDentistry$zEgypt$vPeriodicals 606 $aDentistry 606 $aDentisterie 606 $adentistry$2aat 606 $aDentistry$2fast$3(OCoLC)fst00890633 607 $aEgypt$2fast 608 $aPeriodicals.$2fast 608 $aPeriodical. 608 $aPeriodicals.$2lcgft 615 0$aDentistry 615 0$aDentistry 615 12$aDentistry. 615 6$aDentisterie. 615 7$adentistry. 615 7$aDentistry. 712 02$aJ?mi?at al-Q?hirah.$bFaculty of Dentistry, 906 $aJOURNAL 912 $a9910492131803321 996 $aAdvanced dental journal$92800832 997 $aUNINA